Devine la chanson avec le clip vidéo (Facile) - Statistiques

Statistiques générales
  • Ce quiz a été pris 84 fois
  • Le résultat moyen est 9 sur 16
Statistiques - réponses
Par images Réponse % Correct
Thriller
92%
Papaoutai
87%
Chandelier
81%
Gangnam Style
70%
Happy
61%
Single Ladies (Put a Ring on It)
58%
Bohemian Rhapsody
56%
Toxic
51%
Somebody That I Used To Know
49%
Au DD
47%
Barbie Girl
42%
Smells Like Teen Spirit
39%
Take On Me
32%
Thrift Shop
32%
Around The World
27%
Like A Prayer
27%
Aucun quiz correspondant
Distribution des résultats
% des personnes avec chaque résultat
Percentile par nombre de réponses
Votre historique - résultats
Vous n’avez pas pris ce quiz